埼玉西武ライオンズが人的補償で獲得した選手 - Statistics

General Stats
  • This quiz has been taken 24 times
  • The average score is 5 of 8
Answer Stats
年度 移籍した選手 FA移籍先 人的補償 % Correct
2023 山川穂高 福岡ソフトバンク 甲斐野央
100%
2022 森友哉 オリックス 張奕
86%
2018 炭谷銀仁朗 読売 内海哲也
82%
2017 野上亮磨 読売 高木勇人
68%
2013 片岡治大 読売 脇谷亮太
59%
2007 和田一浩 中日 岡本真也
55%
2005 豊田清 読売 江藤智
41%
2013 涌井秀章 千葉ロッテ 中郷大樹
41%
No matching quizzes found
Score Distribution
Percent of People with Each Score
Percentile by Number Answered
Your Score History
You have not taken this quiz